Loading...

Financial markets and institutions

Bibliographic Details
Main Author: Madura, Jeff
Format: Printed Book
Published: USA South Western College 2001
Edition:ed. 5
Subjects:
LEADER 00488nam a22001457a 4500
020 |a 0324027443 
100 |a Madura, Jeff  |9 1271 
245 |a Financial markets and institutions 
250 |a ed. 5  
260 |a USA  |b South Western College  |c 2001 
300 |a xx, 698p. 
653 |a Financial institutions  |a Capital market  |a Money market 
942 |c REF  |6 _ 
999 |c 185276  |d 185276 
952 |0 0  |1 0  |4 0  |6 34773_MAD01  |7 0  |9 238922  |a SLS  |b SLS  |d 2009-02-18  |o 347.73 MAD'01  |p SLS021653  |r 2009-02-18  |t 1  |w 2009-02-18  |y REF